000 00379nam a2200145 i 4500
001 20790
003 ES-MaACL
005 20230906152349.0
007 t|
008 021118s1963 sp ||||1| baq d
245 0 0 _aAizkolariak ta beste epiu asko.
260 _aZarauz :
_b[s.n.,
_c1963] (
_fTip. Icharopena)
300 _a143 p. ;
_c18 cm.
852 _aES-MaACL
_jC-23427
_bR.52027
999 _c20790
_d20790